LEADER 00961nam a2200217 4500 001 000000341515 003 CaOOAMICUS 005 20200814111140.0 008 200814s1868 fr a 000 u fre r 040 $aSeMil$bita 100 11$aBordeaux, Albert,$d<1865-1937>.$0(OLS)http://semarc/name/111924 245 04$aLes mines de l'Afrique du Sud :$bTransvaal, Rhodésie, etc. /$cAlbert Bordeaux. 264 1$aParis :$bVve C. Dunod,$c1898. 300 $aVIII, 211 p., 8 carte di tav. ripieg. :$bc. geogr. ;$c25 cm 650 4$aAfrica del Sud - Miniere.$0(OLS)http://semarc/subject/49401 650 4$aMiniere.$0(OLS)http://semarc/subject/42533 850 $aSeMil 852 $aSeMil$W1$xVenegono$y1$m3XG VI 16 FA$j220637$B232518$CSeMilBibl$Z2$F232518 $8I 996 $6245$aLes mines de l'Afrique du Sud :$bTransvaal, Rhodésie, etc.$9(OLS)http://semarc/title/430501 996 $6264$aParis :$bVve C. Dunod$9(OLS)http://semarc/publisher/59214 LEADER 01559nam a2200241 i 4500 001 000000057361 003 CaOOAMICUS 005 20050608000000.0 008 050608s1995 it u000 u ita u 013 $a28533 040 $aSeMil$bita 110 2 $aSanta Sede : Congregazione delle Cause dei Santi.$0(OLS)http://semarc/name/399 240 10$aRelatio ; Informatio ; Tabella Index ; Summarium ; Tabulae.$0(OLS)http://semarc/title/89274 245 10$aMediolanen. Canonizationis Servi Dei Benigni a S. Teresia a Jesu Infante (In saeculo :$bAngeli Calvi) Sacerdotis Professi Ordinis Carmelitarum Discalceatorum (1909-1937) : positio super virtutibus, Mediolani 1995 /$cCongregatio de Causis Sanctorum P. N. 1800. 260 $aMediolani :$b[s.n.],$c1995$e(Capriate S.G. (Bergamo) :$fAzienda Grafica Modulimpianti,$g1995) 300 $a1 v. (varie sequenze) ;$c30 cm. 600 04$aBenigno : di Santa Teresa del Bambino Gesù .$0(OLS)http://semarc/subject/11567 650 4$aSanti - Canonizzazione.$0(OLS)http://semarc/subject/1571 850 $aSeMil 852 $aSeMil$W1$xVenegono$y1$m6W III 18$j23515$B23515$CSeMilBibl$Z2$F23517 $8I 961 $aOmaggio: Mezzanotti mons. Alessandro 996 $6245$aMediolanen. Canonizationis Servi Dei Benigni a S. Teresia a Jesu Infante (In saeculo :$bAngeli Calvi) Sacerdotis Professi Ordinis Carmelitarum Discalceatorum (1909-1937) : positio super virtutibus, Mediolani 1995$9(OLS)http://semarc/title/89273 996 $6260$aMediolani :$b[s.n.]$9(OLS)http://semarc/publisher/31565